The White House / (Record no. 4215)

MARC details
000 -LEADER
fixed length control field 01261cam a2200385 a 4500
001 - CONTROL NUMBER
control field 4215
003 - CONTROL NUMBER IDENTIFIER
control field FISKH
005 - DATE AND TIME OF LATEST TRANSACTION
control field 20240705082740.0
008 - FIXED-LENGTH DATA ELEMENTS--GENERAL INFORMATION
fixed length control field 021216s2003 nyua b b 001 0 eng
010 ## - LIBRARY OF CONGRESS CONTROL NUMBER
LC control number 2002155451
020 ## - INTERNATIONAL STANDARD BOOK NUMBER
International Standard Book Number 0516258559 (lib. bdg.)
020 ## - INTERNATIONAL STANDARD BOOK NUMBER
International Standard Book Number 9780516244884
020 ## - INTERNATIONAL STANDARD BOOK NUMBER
International Standard Book Number 0516278789 (pbk.)
040 ## - CATALOGING SOURCE
Original cataloging agency DLC
Transcribing agency DLC
Modifying agency DLC
Language of cataloging eng
050 ## - LIBRARY OF CONGRESS CALL NUMBER
Classification number F204.W5
082 ## - DEWEY DECIMAL CLASSIFICATION NUMBER
Classification number 975.3
100 1# - MAIN ENTRY--PERSONAL NAME
Personal name Douglas, Lloyd G.
245 14 - TITLE STATEMENT
Title The White House /
Statement of responsibility, etc. by Lloyd G. Douglas.
260 ## - PUBLICATION, DISTRIBUTION, ETC.
Place of publication, distribution, etc. New York :
Name of publisher, distributor, etc. Scholastic,
Date of publication, distribution, etc. 2003.
300 ## - PHYSICAL DESCRIPTION
Extent 24 pages :
Other physical details color illustrations ;
Dimensions 16 x 18 cm.
490 1# - SERIES STATEMENT
Series statement American symbols
504 ## - BIBLIOGRAPHY, ETC. NOTE
Bibliography, etc. note Includes bibliographical references (p. 23) and index.
505 ## - FORMATTED CONTENTS NOTE
Formatted contents note J
520 ## - SUMMARY, ETC.
Summary, etc. Uses easy-to-read text to introduce the White House as an American symbol.
521 8# - TARGET AUDIENCE NOTE
Target audience note 480<br/>
Source Lexile<br/>
521 8# - TARGET AUDIENCE NOTE
Target audience note J<br/>
Source Raz-Plus<br/>
610 20 - SUBJECT ADDED ENTRY--CORPORATE NAME
Corporate name or jurisdiction name as entry element White House (Washington, D.C.)
Form subdivision Juvenile literature.
610 21 - SUBJECT ADDED ENTRY--CORPORATE NAME
Corporate name or jurisdiction name as entry element White House (Washington, D.C.)
650 #0 - SUBJECT ADDED ENTRY--TOPICAL TERM
Topical term or geographic name entry element Presidents
Geographic subdivision United States
Form subdivision Juvenile literature.
650 #1 - SUBJECT ADDED ENTRY--TOPICAL TERM
Topical term or geographic name entry element Presidents.
651 #0 - SUBJECT ADDED ENTRY--GEOGRAPHIC NAME
Geographic name Washington (D.C.)
General subdivision Buildings, structures, etc.
Form subdivision Juvenile literature.
906 ## - LOCAL DATA ELEMENT F, LDF (RLIN)
a 7
b cbc
c orignew
d 1
e ecip
f 20
g y-gencatlg
942 ## - ADDED ENTRY ELEMENTS (KOHA)
Source of classification or shelving scheme Dewey Decimal Classification
Koha item type Books
Suppress in OPAC No
Holdings
Withdrawn status Lost status Source of classification or shelving scheme Damaged status Not for loan Collection Home library Current library Shelving location Date acquired Total Checkouts Full call number Barcode Date last seen Date last checked out Copy number Price effective from Koha item type
    Dewey Decimal Classification     Non-Fiction Footprints International School Library Network Toul Kork Campus Footprints International School Library Network Toul Kork Campus TK Primary Library Room(4th Floor), Bookcase 1&2, Shelves 1-16, Dark Blue Books 07/05/2024 1 DOU 975.3 F204.W5 FISTK01737 04/30/2025 04/23/2025 1 07/05/2024 Books
    Dewey Decimal Classification     Non-Fiction Footprints International School Library Network Toul Kork Campus Footprints International School Library Network Toul Kork Campus TK Primary Library Room(4th Floor), Bookcase 1&2, Shelves 1-16, Dark Blue Books 07/05/2024 5 DOU 975.3 F204.W5 2025-1084 02/26/2026 02/13/2026 2 07/05/2024 Books